|
|
|
|
| LEADER |
00000nam a22000007a 4500 |
| 005 |
20130215140837.0 |
| 007 |
cr|||| |||| |
| 008 |
130215e2010 mx |||||s|||| 00| 0 spa d |
| 020 |
|
|
|a 6079517043
|
| 035 |
|
|
|a 6750
|
| 040 |
|
|
|a vLex
|
| 090 |
|
|
|c 3663
|d 3663
|
| 100 |
1 |
0 |
|a Garca̕ Carrasco, Genaro
|
| 245 |
1 |
1 |
|a ¿Quid iuris?
|b sujetos de derecho no personificados : lenguaje jurd̕ico, tčnica legislativa, tributacin̤ y seguridad jurd̕ica
|h [Recurso electrn̤ico]
|
| 256 |
|
|
|a Servicio en ln̕ea
|
| 260 |
|
|
|a Mx̌ico D.F. :
|b Corporativo Reyes Mora Advisors,
|c 2010
|
| 300 |
|
|
|a 1 Recurso electrn̤ico
|
| 650 |
0 |
4 |
|a Lenguaje jurd̕ico
|
| 650 |
0 |
4 |
|2 Tčnica legislativa
|
| 650 |
0 |
4 |
|a Seguridad jurd̕ica
|
| 650 |
0 |
4 |
|a Tributacin̤
|
| 740 |
|
|
|a vLex Libros (Servicio en ln̕ea)
|
| 856 |
|
|
|a Acceso restringido
|u http://www.vlex.com/source/6750
|
| 942 |
|
|
|c BOOK
|